Statistics for Largest Catholic Dioceses by Area

Click here to take the quiz!

General Stats

  • This quiz has been taken 40 times
  • The average score is 9 of 26

Answer Stats

DioceseArea (km)Country% Correct
Moscow2,629,000Russia
89%
Mogadishu637,657Somalia
73%
Mary Most Holy in Astana576,400Kazakhstan
70%
Darwin1,346,200Australia
68%
Most Holy Trinity in Almaty711,600Kazakhstan
68%
Copenhagen2,220,093Denmark
65%
Khartoum981,000Sudan
65%
Fairbanks1,061,500USA
57%
Whitehorse723,515Canada
57%
Transfiguration at Novosibirsk2,000,000Russia
54%
Windhoek560,158Namibia
54%
N'Djamena654,452Chad
49%
Nouakchott1,030,700Mauritania
41%
Churchill-Hudson Bay2,300,000Canada
16%
Saint Clement at Saratov1,400,000Russia
11%
Saint Joseph at Irkutsk9,960,000Russia
8%
Geraldton1,318,310Australia
5%
Port Pirie978,823Australia
5%
Hearst-Moosonee1,108,830Canada
3%
Mackenzie-Fort Smith1,523,400Canada
3%
Amos753,272Canada
0%
El Obeid888,939Sudan
0%
Karaganda711,208Kazakhstan
0%
Laghouat2,107,708Algeria
0%
Maradi1,065,560Niger
0%
Mopti896,384Mali
0%

Score Distribution

Percentile by Number Answered

Percent of People with Each Score

Your Score History

You have not taken this quiz